| 000 | 00493nam a2200193Ia 4500 | ||
|---|---|---|---|
| 003 | OSt | ||
| 005 | 20230418114144.0 | ||
| 008 | 210423s1950 xx 000 0 und d | ||
| 040 | _cAL | ||
| 041 | _aeng | ||
| 082 |
_a232 _223 _bGENT |
||
| 100 |
_aGENSE (James H) _989933 |
||
| 245 | _aTragedy and triumph of Jesus of Nazareth | ||
| 260 |
_aBombay _c1950 |
||
| 300 |
_a460 _bHB |
||
| 650 |
_aChristian Theology _989934 |
||
| 906 | _aJesus ; Nazareth ; Tragedy ; triumph | ||
| 942 |
_2ddc _cBK |
||
| 999 |
_c170030 _d170030 |
||